| 000 | 00356pam a2200145 a 4500 | ||
|---|---|---|---|
| 020 |
_a978-0-19-967232-5 _c |
||
| 041 | _aeng | ||
| 082 | _bJOH | ||
| 100 | _aJohn J. Murray. | ||
| 245 |
_aPrevention of Oral Disease _hTextual Documents |
||
| 250 | _a4th ed. | ||
| 260 |
_aOxford _bOxford University Press _c2012 |
||
| 300 |
_a272: _c27*21.5. |
||
| 930 | _a3631 | ||
| 999 |
_c42988 _d42988 |
||